[Event "Asker-ch A"]
[Site "Asker"]
[Date "2018.04.30"]
[Round "8"]
[White "Nydal, Roar"]
[Black "Hall, Torstein"]
[Result "0-1"]
[WhiteElo "1528"]
[BlackElo "1648"]
[PlyCount "85"]
[EventDate "2018.02.19"]
[EventType "swiss"]
[EventRounds "9"]
[EventCountry "NOR"]
[SourceTitle "EXT 2023"]
[Source "ChessBase"]
[SourceDate "2022.10.05"]
[SourceVersion "1"]
[SourceVersionDate "2022.10.05"]
[SourceQuality "1"]

1. d4 Nf6 2. c4 g6 3. Nf3 Bg7 4. Nc3 d6 5. e4 0-0 6. Be2 e5 7. d5 Nh5 8. g3 a5 9. Nh4 Nf6 10. Ng2 Na6 11. Be3 h6 12. 0-0 Kh7 13. f4 exf4 14. Nxf4 Re8 15. Bf3 h5 16. Bd4 c5 17. Bxf6 Qxf6 18. Qe2 Qg5 19. Rae1 Bg4 20. Bxg4 Qxg4 21. Qxg4 hxg4 22. Ng2 Re7 23. Rf4 Nb4 24. Ref1 Kg8 25. a3 Nd3 26. Rxg4 Bd4+ 27. Kh1 Nf2+ 28. Rxf2 Bxf2 29. Nh4 Bd4 30. Nf5 Rd7 31. Na4 Ra6 32. Nxd4 cxd4 33. Kg2 Rd8 34. h4 Rb8 35. h5 Kg7 36. Kf2 b5 37. c5 bxa4 38. c6 Rxb2+ 39. Ke1 Rb3 40. hxg6 fxg6 41. e5 dxe5 42. c7 Rc3 43. d6 0-1

[Event "Asker Autumn A"]
[Site "Asker"]
[Date "2017.10.23"]
[Round "6"]
[White "Nydal, Roar"]
[Black "Lovberget, Erik"]
[Result "1/2-1/2"]
[WhiteElo "1579"]
[BlackElo "1462"]
[PlyCount "60"]
[EventDate "2017.08.28"]
[EventType "swiss"]
[EventRounds "9"]
[EventCountry "NOR"]
[SourceTitle "EXT 2024"]
[Source "ChessBase"]
[SourceDate "2023.10.10"]
[SourceVersion "1"]
[SourceVersionDate "2023.10.10"]
[SourceQuality "1"]

1. d4 d5 2. c4 e6 3. e3 Nf6 4. a3 a5 5. Nc3 Be7 6. cxd5 exd5 7. Nge2 Nbd7 8. Ng3 Nb6 9. Bd3 0-0 10. 0-0 Re8 11. Qc2 Bf8 12. b3 Bd7 13. Re1 Qc8 14. Nce2 c6 15. Bb2 Qd8 16. e4 dxe4 17. Nxe4 Nbd5 18. N2g3 h6 19. Nxf6+ Nxf6 20. Ne4 Nxe4 21. Bxe4 Be6 22. Rad1 Qb6 23. Re3 Rac8 24. Bf3 g6 25. Be4 Kh7 26. Rg3 f5 27. Qc3 Bg7 28. Bb1 Rcd8 29. b4 axb4 30. Qxb4 Rd7 1/2-1/2

[Event "Asker Autumn A"]
[Site "Asker"]
[Date "2017.09.25"]
[Round "4"]
[White "Nydal, Roar"]
[Black "Martinez, Alexander"]
[Result "1/2-1/2"]
[WhiteElo "1579"]
[BlackElo "1272"]
[PlyCount "45"]
[EventDate "2017.08.28"]
[EventType "swiss"]
[EventRounds "9"]
[EventCountry "NOR"]
[SourceTitle "EXT 2024"]
[Source "ChessBase"]
[SourceDate "2023.10.10"]
[SourceVersion "1"]
[SourceVersionDate "2023.10.10"]
[SourceQuality "1"]

1. e4 e5 2. Nf3 Nc6 3. c3 Nf6 4. d3 g6 5. h3 Bg7 6. Bg5 h6 7. Bh4 g5 8. Bg3 d6 9. Qc2 Qe7 10. Nbd2 b6 11. Nb3 Bb7 12. Be2 0-0-0 13. h4 g4 14. Nh2 h5 15. 0-0-0 Kb8 16. Kb1 d5 17. exd5 Nxd5 18. Rde1 Qd6 19. d4 Nf4 20. Bxf4 exf4 21. f3 g3 22. Nf1 Rde8 23. Nfd2 1/2-1/2

[Event "Asker CC-ch Class A"]
[Site "Asker"]
[Date "2017.05.08"]
[Round "9"]
[White "Nydal, Roar"]
[Black "Rostad, Rolf"]
[Result "0-1"]
[WhiteElo "1581"]
[BlackElo "1777"]
[PlyCount "82"]
[EventDate "2017.01.09"]
[EventType "swiss"]
[EventRounds "9"]
[EventCountry "NOR"]
[SourceTitle "EXT 2024"]
[Source "ChessBase"]
[SourceDate "2023.10.10"]
[SourceVersion "1"]
[SourceVersionDate "2023.10.10"]
[SourceQuality "1"]

1. d4 Nf6 2. Nf3 g6 3. c4 Bg7 4. Nc3 0-0 5. e4 d6 6. Be2 c6 7. 0-0 Nbd7 8. h3 b6 9. Kh1 Bb7 10. Qc2 a6 11. Bf4 b5 12. b3 b4 13. Na4 c5 14. Bd3 cxd4 15. Bd2 a5 16. Rae1 e5 17. Ng1 Qc7 18. f4 Nh5 19. Ne2 exf4 20. Bxf4 Rae8 21. Bh2 Be5 22. Nf4 Ng7 23. Nd5 Qd8 24. Rf2 Nh5 25. Rf3 Bxh2 26. Kxh2 Qh4 27. Qf2 Qxf2 28. Rxf2 Bxd5 29. cxd5 f5 30. Rff1 fxe4 31. Rxf8+ Kxf8 32. Rxe4 Rxe4 33. Bxe4 Nhf6 34. Bf3 Ne5 35. Nb6 Nxf3+ 36. gxf3 d3 37. Nc4 Nxd5 38. Kg1 Nf4 39. Kf1 Nxh3 40. Nxa5 Ng1 41. Nc6 d2 0-1

[Event "Asker Autumn A"]
[Site "Asker"]
[Date "2016.09.05"]
[Round "2"]
[White "Nydal, Roar"]
[Black "Rostad, Rolf"]
[Result "1-0"]
[WhiteElo "1558"]
[BlackElo "1823"]
[PlyCount "75"]
[EventDate "2016.08.29"]
[EventType "swiss"]
[EventRounds "9"]
[EventCountry "NOR"]
[SourceTitle "EXT 2024"]
[Source "ChessBase"]
[SourceDate "2023.10.10"]
[SourceVersion "1"]
[SourceVersionDate "2023.10.10"]
[SourceQuality "1"]

1. d4 Nf6 2. c4 c5 3. e3 g6 4. Nc3 cxd4 5. exd4 Bg7 6. Nf3 d6 7. h3 Nbd7 8. Be2 0-0 9. 0-0 b6 10. Be3 Bb7 11. a4 Qc7 12. b4 a6 13. Qd2 e5 14. d5 Rfe8 15. Qc2 Nf8 16. Bd3 Rac8 17. Rac1 Qd8 18. Qb1 N8d7 19. Ne4 Nxe4 20. Bxe4 f5 21. Bg5 Bf6 22. Bxf5 Bxg5 23. Bxd7 Qxd7 24. Nxg5 Qxa4 25. Ne6 Qd7 26. f4 exf4 27. Rxf4 b5 28. Rg4 Rxe6 29. dxe6 Qxe6 30. Qd3 bxc4 31. Rgxc4 Re8 32. Rc7 Be4 33. Qd4 Re7 34. Rxe7 Qxe7 35. Rc8+ Kf7 36. Qh8 Qg5 37. Qe8+ Kf6 38. Qxe4 1-0

[Event "Asker CC-ch Class A"]
[Site "Asker"]
[Date "2016.05.09"]
[Round "9"]
[White "Nydal, Roar"]
[Black "Syse, Knut"]
[Result "0-1"]
[WhiteElo "1370"]
[BlackElo "1313"]
[PlyCount "71"]
[EventDate "2016.01.11"]
[EventType "swiss"]
[EventRounds "9"]
[EventCountry "NOR"]
[SourceTitle "EXT 2024"]
[Source "ChessBase"]
[SourceDate "2023.10.10"]
[SourceVersion "1"]
[SourceVersionDate "2023.10.10"]
[SourceQuality "1"]

1. e4 e5 2. c3 Nf6 3. d3 d5 4. exd5 Nxd5 5. Nf3 Nc6 6. Nbd2 Be6 7. Ne4 f6 8. Be2 Qd7 9. 0-0 0-0-0 10. Qa4 Nb6 11. Qc2 Be7 12. Be3 g5 13. Bc5 Bf5 14. Rfd1 Qe6 15. Bxe7 Qxe7 16. a4 a5 17. Ne1 h5 18. b4 axb4 19. a5 Nd5 20. a6 bxa6 21. Rxa6 Nb8 22. Ra7 Bxe4 23. dxe4 Nxc3 24. Rxd8+ Kxd8 25. Ra8 Nxe2+ 26. Qxe2 Kd7 27. Qb5+ c6 28. Ra7+ Kc8 29. Qxb8+ Kxb8 30. Rxe7 Rd8 31. Re6 Kc7 32. Rxf6 g4 33. Rf7+ Kb6 34. f3 b3 35. Nd3 Rxd3 36. fxg4 0-1

[Event "Asker CC-ch Class A"]
[Site "Asker"]
[Date "2016.04.04"]
[Round "6"]
[White "Holtermann, Eilert"]
[Black "Nydal, Roar"]
[Result "0-1"]
[WhiteElo "1158"]
[BlackElo "1370"]
[PlyCount "66"]
[EventDate "2016.01.11"]
[EventType "swiss"]
[EventRounds "9"]
[EventCountry "NOR"]
[SourceTitle "EXT 2024"]
[Source "ChessBase"]
[SourceDate "2023.10.10"]
[SourceVersion "1"]
[SourceVersionDate "2023.10.10"]
[SourceQuality "1"]

1. d4 g6 2. c3 Bg7 3. Nf3 Nf6 4. g3 d5 5. Bg2 0-0 6. 0-0 Nbd7 7. Nbd2 c5 8. e3 c4 9. Ne5 Nxe5 10. dxe5 Ng4 11. Nf3 e6 12. Qd4 f5 13. exf6 Nxf6 14. Qh4 Ne4 15. Qxd8 Rxd8 16. Nd4 Nc5 17. Rb1 e5 18. Nb5 Rd7 19. Bh3 Rd8 20. Bxc8 Rdxc8 21. Nd6 Rc6 22. Nb5 a6 23. Na3 b5 24. Kg2 Rf8 25. f3 Rcf6 26. f4 Bh6 27. Bd2 Ne4 28. Be1 g5 29. Rd1 exf4 30. Rxd5 f3+ 31. Kh3 Bg7 32. Rd2 Rh6+ 33. Kg4 Nf6+ 0-1

[Event "Asker CC-ch Class A"]
[Site "Asker"]
[Date "2016.01.25"]
[Round "2"]
[White "Nilssen, Stale"]
[Black "Nydal, Roar"]
[Result "1-0"]
[WhiteElo "1404"]
[BlackElo "1370"]
[PlyCount "73"]
[EventDate "2016.01.11"]
[EventType "swiss"]
[EventRounds "9"]
[EventCountry "NOR"]
[SourceTitle "EXT 2024"]
[Source "ChessBase"]
[SourceDate "2023.10.10"]
[SourceVersion "1"]
[SourceVersionDate "2023.10.10"]
[SourceQuality "1"]

1. c4 e5 2. Nc3 Nf6 3. g3 d5 4. cxd5 Nxd5 5. Bg2 c6 6. Nf3 Nxc3 7. bxc3 Nd7 8. 0-0 Qc7 9. d4 Bd6 10. e4 0-0 11. Re1 Re8 12. Bb2 Nb6 13. dxe5 Bxe5 14. Nxe5 Qxe5 15. Qd4 Qg5 16. Bc1 Qe7 17. Bf4 Be6 18. Bd6 Qd7 19. Bc5 Qc7 20. f4 Red8 21. Qf2 Na4 22. Bd4 c5 23. Be5 Qa5 24. f5 Bc4 25. f6 Re8 26. Qf5 Rxe5 27. Qxe5 Qa6 28. Qg5 Qxf6 29. Qxf6 gxf6 30. Red1 Nxc3 31. Rd7 Ba6 32. Rd6 Kg7 33. e5 fxe5 34. Rxa6 Re8 35. Ra3 Nb5 36. Re3 b6 37. Bc6 1-0

[Event "Asker Host A"]
[Site "Asker"]
[Date "2015.09.21"]
[Round "2"]
[White "Nydal, Roar"]
[Black "Omland, Harald"]
[Result "1-0"]
[WhiteElo "1601"]
[BlackElo "1579"]
[PlyCount "71"]
[EventDate "2015.09.21"]
[EventType "swiss"]
[EventRounds "9"]
[EventCountry "NOR"]
[SourceTitle "EXT 2023"]
[Source "ChessBase"]
[SourceDate "2022.10.05"]
[SourceVersion "1"]
[SourceVersionDate "2022.10.05"]
[SourceQuality "1"]

1. d4 c5 2. Nf3 cxd4 3. Nxd4 Nc6 4. Nb3 d5 5. e3 Nf6 6. c4 Bg4 7. f3 Bh5 8. cxd5 Qxd5 9. Bd2 Ne4 10. fxe4 Qe5 11. Bc3 Qg5 12. Qd2 Rd8 13. Bd3 e6 14. 0-0 Bd6 15. Na3 0-0 16. Nc4 Bb8 17. Nd4 Ne7 18. Nf3 Qh6 19. Be5 b5 20. Bxb8 bxc4 21. Bf4 Qg6 22. Ne5 Qf6 23. Nxc4 Qh4 24. Bd6 Rd7 25. Bxe7 Qxe7 26. Qc3 Rc8 27. b3 Rc5 28. Rf2 Qd8 29. Rd2 Bg6 30. Rad1 Qh4 31. e5 Bxd3 32. Rxd3 Rxd3 33. Qxd3 Rc8 34. Qd7 Rf8 35. Qxa7 Qg4 36. Qd4 1-0

[Event "Asker CC-ch A"]
[Site "Asker"]
[Date "2015.05.04"]
[Round "6"]
[White "Nydal, Roar"]
[Black "Hole, Victor"]
[Result "1-0"]
[WhiteElo "1360"]
[BlackElo "893"]
[PlyCount "73"]
[EventDate "2015.02.23"]
[EventType "swiss"]
[EventRounds "9"]
[EventCountry "NOR"]
[SourceTitle "EXT 2023"]
[Source "ChessBase"]
[SourceDate "2022.10.05"]
[SourceVersion "1"]
[SourceVersionDate "2022.10.05"]
[SourceQuality "1"]

1. e4 e5 2. Nf3 Nc6 3. Bb5 a6 4. Bc4 Nf6 5. Nc3 h6 6. a3 b5 7. Ba2 Bc5 8. 0-0 0-0 9. d3 d6 10. b4 Ba7 11. Nd5 Nd4 12. Bd2 Bg4 13. Kh1 c6 14. Ne3 Qd7 15. c3 Nxf3 16. gxf3 Bh3 17. Rg1 Bxe3 18. Bxe3 Kh7 19. f4 Ng4 20. f5 Nf6 21. Rg3 Bxf5 22. exf5 Qxf5 23. Qf3 Qxf3+ 24. Rxf3 Ng4 25. Rg1 Nxe3 26. fxe3 d5 27. Rfg3 Rg8 28. Bb1 d4 29. Rf1 Ra7 30. Rgf3 f6 31. cxd4 exd4 32. e4 g6 33. Ba2 Rf8 34. Rxf6 Rxf6 35. Rxf6 Rc7 36. Rf7+ Rxf7 37. Bxf7 1-0

[Event "Asker CC-ch A"]
[Site "Asker"]
[Date "2015.02.26"]
[Round "2"]
[White "Nydal, Roar"]
[Black "Erlendson, Audun"]
[Result "0-1"]
[WhiteElo "1360"]
[BlackElo "1367"]
[PlyCount "63"]
[EventDate "2015.02.23"]
[EventType "swiss"]
[EventRounds "9"]
[EventCountry "NOR"]
[SourceTitle "EXT 2023"]
[Source "ChessBase"]
[SourceDate "2022.10.05"]
[SourceVersion "1"]
[SourceVersionDate "2022.10.05"]
[SourceQuality "1"]

1. d4 Nf6 2. c4 e6 3. Nf3 b6 4. e3 Bb7 5. Be2 d5 6. 0-0 Be7 7. Nc3 0-0 8. Qc2 dxc4 9. Bxc4 Nbd7 10. Bd3 h6 11. Bd2 Rc8 12. e4 c5 13. e5 Nd5 14. Rae1 Nxc3 15. Qxc3 cxd4 16. Qxd4 Bxf3 17. gxf3 Nc5 18. Qg4 Qxd3 19. Bxh6 Qg6 20. Qxg6 fxg6 21. Be3 Rfd8 22. Re2 Nd3 23. Kh1 Bc5 24. Rd2 Bxe3 25. fxe3 Nxe5 26. Rg2 Kh7 27. f4 Nd3 28. Rfg1 Rc1 29. Rxg6 Nf2+ 30. Kg2 Rxg1+ 31. Kxg1 Kxg6 32. Kxf2 0-1

[Event "Asker CC-ch"]
[Site "Asker"]
[Date "2014.03.10"]
[Round "5"]
[White "Nydal, Roar"]
[Black "Soyland, Jan"]
[Result "1/2-1/2"]
[WhiteElo "1411"]
[BlackElo "1292"]
[PlyCount "92"]
[EventDate "2014.01.13"]
[EventType "swiss"]
[EventRounds "9"]
[EventCountry "NOR"]
[SourceTitle "EXT 2017"]
[Source "ChessBase"]
[SourceDate "2016.10.25"]
[SourceVersion "1"]
[SourceVersionDate "2016.10.25"]
[SourceQuality "1"]

1. Nf3 c5 2. g3 Nc6 3. Bg2 Nf6 4. 0-0 e6 5. c3 d5 6. d4 h6 7. e3 b6 8. a3 Bb7 9. b4 a6 10. Qb3 c4 11. Qc2 Bd6 12. Nbd2 Qd7 13. Re1 0-0 14. Nf1 Ne7 15. N3d2 a5 16. bxa5 Rxa5 17. e4 dxe4 18. Nxc4 Ra6 19. Nxd6 Qxd6 20. Nd2 Rc8 21. Bxe4 Bxe4 22. Nxe4 Qxd4 23. cxd4 Rxc2 24. Nxf6+ gxf6 25. Bxh6 Nf5 26. Be3 Rc3 27. a4 Rc4 28. Rad1 Ne7 29. Kg2 Raxa4 30. h4 b5 31. h5 b4 32. Rh1 Kh7 33. Kf3 b3 34. Rb1 Rab4 35. Ke2 Nd5 36. Bd2 Rb7 37. Kd3 Rcc7 38. Rhc1 Rxc1 39. Bxc1 f5 40. Kc4 Rc7+ 41. Kxb3 f6 42. Bd2 e5 43. dxe5 fxe5 44. Rc1 Rxc1 45. Bxc1 Nf6 46. h6 Ng4 1/2-1/2

[Event "Asker CC-ch"]
[Site "Asker"]
[Date "2014.01.13"]
[Round "1"]
[White "Nydal, Roar"]
[Black "Holtermann, Eilert"]
[Result "1/2-1/2"]
[WhiteElo "1411"]
[BlackElo "1234"]
[PlyCount "40"]
[EventDate "2014.01.13"]
[EventType "swiss"]
[EventRounds "9"]
[EventCountry "NOR"]
[SourceTitle "EXT 2017"]
[Source "ChessBase"]
[SourceDate "2016.10.25"]
[SourceVersion "1"]
[SourceVersionDate "2016.10.25"]
[SourceQuality "1"]

1. e4 e5 2. Bc4 Nf6 3. Nc3 c6 4. Bb3 Bb4 5. Qf3 d6 6. h3 Qe7 7. d3 Be6 8. Nge2 b5 9. 0-0 Nbd7 10. Ng3 g6 11. Nd1 h5 12. Bg5 h4 13. Nh1 Rh5 14. Qe3 Bc5 15. Qd2 Nxe4 16. dxe4 Qxg5 17. Qxg5 Rxg5 18. Kh2 a5 19. f3 a4 20. Bxe6 fxe6 1/2-1/2